Estatísticas para Cultura Geral

Clique aqui para jogar o quiz

Estatísticas Gerais

  • Esse quiz foi jogado 17 vezes
  • A pontuação média é 6 de 15

Estatísticas das Respostas

PHintResposta% Correto
Qual país produz mais grãos de café?Brasil
100%
Qual é o animal nacional da Rússia?Urso
75%
Qual a forma das células em um favo de mel?Hexágono
69%
Qual música do filme "Frozen" ganhou um Oscar de Melhor Canção Original?Let It Go
69%
Que cantor ruivo tem álbuns chamados "+", "x" e "÷"?Ed Sheeran
56%
Qual aplicativo de telefone popular tem um fantasma como logotipoSnapchat
56%
Que mar faz fronteira com a Estónia, Letónia e Lituânia?Báltico
50%
Que "palavras mágicas" Ali Baba usou para entrar no covil dos quarenta ladrões?Abre-te de Sésamo
31%
Que animal aquático pode viver até 100 anos na natureza, mas geralmente morre antes dos 30 anos em cativeiro?Orca
31%
Completa a letra da música "Hey, I just met you / and this is crazy / But here's my number, so ____ __ _____".Call Me Maybe
25%
A bandeira de que país era 100% verde até ser substituída após a revolução de 2011?Líbia
25%
Qual musical é baseado nas músicas do ABBA?Mamma Mia!
25%
Que invenção ajudou as pessoas a tirar uma selfie de mais longe?Selfie Stick
6%
Quem era conhecido por filmar sua TV e comer sanduíches de manteiga de amendoim, bacon e banana?Elvis Presley
0%
Qual musical apresenta a música "Defying Gravity"?Wicked
0%

Distribuição das Pontuações

Percentil de Números Respondidos

Porcentagem de Pessoas com Cada Pontuação

Sua Pontuação Histórica

Você não jogou esse quiz